Audit a programy auditu neobežného majetku diplomová práca

Salvato in:
Dettagli Bibliografici
Autore principale: Ďuračková, Miroslava
Ente Autore: Fakulta hospodárskej informatiky EU. Katedra účtovníctva a audítorstva
Altri autori: Maděra, František
Natura: Libro
Lingua:slovacco
Pubblicazione: Bratislava 2011
Tags: Aggiungi Tag
Nessun Tag, puoi essere il primo ad aggiungerne!!

MARC

LEADER 00000nbm a2200000 4500
001 0140682
005 20161109101942.4
041 0 |a slo 
044 |a SK 
245 1 0 |a Audit a programy auditu neobežného majetku  |b diplomová práca  |c Miroslava Ďuračková ; školiteľ: František Maděra 
264 1 |a Bratislava  |c 2011 
300 |a 60 s. 
100 1 |a Ďuračková, Miroslava 
700 1 |a Maděra, František 
710 2 |a Fakulta hospodárskej informatiky EU. Katedra účtovníctva a audítorstva